[Event "25. Copenhagen Open  (Politiken Cup)"]
[Site "Copenhagen"]
[Date "2003.07.15"]
[Round "2"]
[White "Jensen, Benjamin Lau"]
[Black "Sander, Rolf"]
[Result "0-1"]
[WhiteElo "1699"]
[BlackElo "2060"]
[PlyCount "82"]
[EventDate "2003.07.14"]
[EventType "swiss"]
[EventRounds "11"]
[EventCountry "DEN"]
[SourceDate "2004.01.01"]

1. e4 d5 2. exd5 Qxd5 3. Nc3 Qa5 4. d4 c6 5. Bd3 Nf6 6. h3 Bf5 7. Nf3 e6 8. O-O
Nbd7 9. Bf4 Be7 10. Re1 O-O 11. Ne5 Bxd3 12. Qxd3 Rfd8 13. Qe2 Nxe5 14. Bxe5
Nd7 15. Red1 Bb4 16. Rd3 Nxe5 17. Qxe5 Bxc3 18. Rxc3 Qxe5 19. dxe5 Rd5 20. Re1
Rad8 21. Ree3 Kf8 22. Rcd3 Ke7 23. f4 c5 24. Rxd5 Rxd5 25. Rd3 Rxd3 26. cxd3
Kd7 27. Kf2 Kc6 28. Ke3 Kd5 29. g4 g5 30. fxg5 Kxe5 31. a3 b6 32. b3 b5 33. b4
Kd5 34. Kd2 c4 35. Kc3 cxd3 36. Kxd3 e5 37. h4 e4+ 38. Ke3 Ke5 39. h5 Kd5 40.
Kd2 Kd4 41. Ke2 e3 0-1

[Event "25. Copenhagen Open  (Politiken Cup)"]
[Site "Copenhagen"]
[Date "2003.07.15"]
[Round "2"]
[White "Jensen, Sren"]
[Black "Mortensen, Henrik"]
[Result "0-1"]
[WhiteElo "1565"]
[BlackElo "2027"]
[PlyCount "80"]
[EventDate "2003.07.14"]
[EventType "swiss"]
[EventRounds "11"]
[EventCountry "DEN"]
[SourceDate "2004.01.01"]

1. f4 g5 2. fxg5 h6 3. gxh6 e5 4. g3 d5 5. Bg2 Nxh6 6. d4 e4 7. Bxh6 Bxh6 8. c4
Be3 9. Qb3 Bxd4 10. Nd2 e3 11. Ndf3 dxc4 12. Qxc4 Bf6 13. Qe4+ Qe7 14. Qxe7+
Kxe7 15. O-O-O Rd8 16. Rxd8 Kxd8 17. Ne1 Nc6 18. Nc2 Be6 19. a3 Bc4 20. h4 Nd4
21. Nxd4 Bxd4 22. Bf3 Be5 23. g4 Ke7 24. Nh3 Rd8 25. Rd1 Bxb2+ 26. Kc2 Rxd1 27.
Kxd1 b5 28. Nf4 Bb3+ 29. Ke1 Kd6 30. Ng2 Bxa3 31. Nxe3 Bb4+ 32. Kf1 a5 33. Nf5+
Kc5 34. Be4 a4 35. Bb1 a3 36. h5 Bc3 37. g5 Bc2 38. Ba2 Bxf5 39. Bxf7 Bd2 40.
g6 Bh6 0-1

[Event "25. Copenhagen Open  (Politiken Cup)"]
[Site "Copenhagen"]
[Date "2003.07.15"]
[Round "2"]
[White "Jensen, Sren G"]
[Black "Hjelm, Niclas"]
[Result "0-1"]
[WhiteElo "2123"]
[BlackElo "2331"]
[PlyCount "64"]
[EventDate "2003.07.14"]
[EventType "swiss"]
[EventRounds "11"]
[EventCountry "DEN"]
[SourceDate "2004.01.01"]

1. d4 Nf6 2. Nf3 e6 3. Bg5 c5 4. c3 b6 5. e3 Bb7 6. Bd3 Be7 7. O-O O-O 8. Nbd2
d5 9. Ne5 Nbd7 10. f4 Ne4 11. Bxe7 Qxe7 12. Nxd7 Qxd7 13. Nxe4 dxe4 14. Bc4
cxd4 15. cxd4 b5 16. Bb3 Rfc8 17. Rc1 Rxc1 18. Qxc1 Rc8 19. Qb1 Bd5 20. Bxd5
exd5 21. Rc1 g5 22. Rxc8+ Qxc8 23. fxg5 Qg4 24. Qe1 Qxg5 25. Qg3 Qxg3 26. hxg3
f5 27. Kh2 h5 28. Kh3 Kg7 29. Kh4 Kh6 30. g4 hxg4 31. g3 a5 32. b3 b4 0-1

[Event "25. Copenhagen Open  (Politiken Cup)"]
[Site "Copenhagen"]
[Date "2003.07.15"]
[Round "2"]
[White "Jessen, Simon Pind"]
[Black "Royset, Paal"]
[Result "0-1"]
[WhiteElo "2085"]
[BlackElo "2252"]
[PlyCount "74"]
[EventDate "2003.07.14"]
[EventType "swiss"]
[EventRounds "11"]
[EventCountry "DEN"]
[SourceDate "2004.01.01"]

1. d4 Nf6 2. c4 e6 3. Nc3 d5 4. cxd5 exd5 5. e3 c6 6. Bd3 Bd6 7. Nf3 O-O 8. Qc2
Re8 9. h3 Qe7 10. Nd2 a6 11. O-O c5 12. dxc5 Bxc5 13. Nf3 Nc6 14. a3 Bd7 15.
Bd2 Rad8 16. Rfe1 Qd6 17. Ne2 Ba7 18. Bc3 Ne4 19. Bxe4 dxe4 20. Rad1 Qh6 21.
Nh2 Bb8 22. Nf4 Bxf4 23. exf4 Qxf4 24. Re3 Bf5 25. Rg3 Bg6 26. Rxd8 Rxd8 27.
Nf1 Rd3 28. Ne3 Qd6 29. Bxg7 Rxe3 30. Rxe3 Kxg7 31. Qb3 Nd4 32. Qc3 f6 33. Kh1
Nf5 34. Re2 e3 35. g4 exf2 36. Rxf2 Ng3+ 37. Kg1 Ne4 0-1

[Event "25. Copenhagen Open  (Politiken Cup)"]
[Site "Copenhagen"]
[Date "2003.07.15"]
[Round "2"]
[White "Knudsen, Jes West"]
[Black "Skjoldborg, Jesper"]
[Result "0-1"]
[WhiteElo "2015"]
[BlackElo "2253"]
[PlyCount "54"]
[EventDate "2003.07.14"]
[EventType "swiss"]
[EventRounds "11"]
[EventCountry "DEN"]
[SourceDate "2004.01.01"]

1. e4 e5 2. d4 exd4 3. Bc4 Nf6 4. Nf3 Nc6 5. e5 d5 6. Bb5 Ne4 7. Nxd4 Bc5 8.
Be3 Bd7 9. Bxc6 bxc6 10. c3 Qe7 11. f3 Nf6 12. f4 Ng4 13. Qe2 O-O 14. Nxc6 Bxc6
15. Bxc5 Qxc5 16. Qxg4 f6 17. e6 Qe3+ 18. Kd1 f5 19. Qe2 Qxf4 20. e7 Rf7 21.
Re1 Re8 22. Qe6 Rexe7 23. Qxc6 Qg4+ 24. Kd2 Qxg2+ 25. Kd1 Rxe1+ 26. Kxe1 Re7+
27. Kd1 Re2 0-1

[Event "25. Copenhagen Open  (Politiken Cup)"]
[Site "Copenhagen"]
[Date "2003.07.15"]
[Round "2"]
[White "Kokholm, Daniel"]
[Black "Larsen, Steen Skovlund"]
[Result "0-1"]
[WhiteElo "2115"]
[BlackElo "2310"]
[PlyCount "60"]
[EventDate "2003.07.14"]
[EventType "swiss"]
[EventRounds "11"]
[EventCountry "DEN"]
[SourceDate "2004.01.01"]

1. Nc3 c5 2. d4 cxd4 3. Qxd4 Nc6 4. Qh4 g6 5. e4 Bg7 6. Bd2 a6 7. Nf3 b5 8. a3
h6 9. Bd3 d6 10. h3 Nf6 11. Qf4 Bb7 12. g4 h5 13. g5 Nd7 14. O-O Rc8 15. Rae1
O-O 16. Nh4 Nce5 17. Qe3 Nc4 18. Bxc4 Rxc4 19. b3 Rc8 20. Rc1 e6 21. f4 d5 22.
exd5 exd5 23. Ne2 d4 24. Qf2 Nc5 25. Ng3 Qd5 26. f5 Be5 27. Bf4 Ne4 28. Nxe4
Qxe4 29. Qf3 Qxf3 30. Nxf3 Bxf4 0-1

[Event "25. Copenhagen Open  (Politiken Cup)"]
[Site "Copenhagen"]
[Date "2003.07.15"]
[Round "2"]
[White "Kongsted, Halfdan Christian"]
[Black "Taksrud, Vidar"]
[Result "1-0"]
[WhiteElo "2246"]
[BlackElo "1914"]
[PlyCount "77"]
[EventDate "2003.07.14"]
[EventType "swiss"]
[EventRounds "11"]
[EventCountry "DEN"]
[SourceDate "2004.01.01"]

1. Nf3 Nf6 2. b3 d6 3. d4 g6 4. Bb2 Bg7 5. Nbd2 O-O 6. e4 e5 7. dxe5 Ng4 8. Nc4
b5 9. Ncd2 a6 10. a4 c6 11. h3 Nxe5 12. Nxe5 Bxe5 13. Bxe5 dxe5 14. axb5 cxb5
15. Bxb5 Bb7 16. Bc4 Nd7 17. O-O Nb6 18. Qe2 Nxc4 19. Nxc4 Qd4 20. Rfe1 Rac8
21. Rad1 Qc5 22. Qe3 Qxe3 23. Rxe3 f6 24. f3 Rc7 25. Red3 Bc8 26. Rd8 Be6 27.
Ne3 Rxd8 28. Rxd8+ Kf7 29. Kf2 f5 30. c4 Rb7 31. Rd3 a5 32. Ke2 Ke7 33. Kd2 h5
34. Kc3 Rb8 35. Nd5+ Kf7 36. Rd2 Rb7 37. Ra2 Ra7 38. c5 Ke8 39. Kc4 1-0

[Event "25. Copenhagen Open  (Politiken Cup)"]
[Site "Copenhagen"]
[Date "2003.07.15"]
[Round "2"]
[White "Lauritsen, Martin Lee"]
[Black "Nhr, Finn"]
[Result "0-1"]
[WhiteElo "1687"]
[BlackElo "2136"]
[PlyCount "78"]
[EventDate "2003.07.14"]
[EventType "swiss"]
[EventRounds "11"]
[EventCountry "DEN"]
[SourceDate "2004.01.01"]

1. e4 e5 2. Nf3 Nc6 3. Bb5 a6 4. Ba4 Nf6 5. O-O Be7 6. Re1 b5 7. Bb3 d6 8. c3
O-O 9. h3 Nd7 10. d4 Bf6 11. a4 Bb7 12. Na3 exd4 13. cxd4 Re8 14. Qd3 Nb4 15.
Qb1 c5 16. Bd2 Qb6 17. d5 Rac8 18. Bf4 c4 19. a5 Qc7 20. Bc2 Nc5 21. e5 Nxc2
22. exf6 Nxe1 23. Nxe1 Re4 24. Bg3 Rce8 25. Nf3 Nd3 26. Qc2 Bxd5 27. Qd2 h6 28.
fxg7 Kxg7 29. Nh4 Qd7 30. Nc2 Be6 31. Qc3+ Kh7 32. Nb4 d5 33. Nxd3 cxd3 34.
Qxd3 Bf5 35. Kh2 Rxh4 36. Qc3 Rc4 37. Qb3 Qe6 38. f3 d4 39. Re1 Qd7 0-1

[Event "25. Copenhagen Open  (Politiken Cup)"]
[Site "Copenhagen"]
[Date "2003.07.15"]
[Round "2"]
[White "Liden, Jimmy"]
[Black "Hartung Nielsen, Jens"]
[Result "0-1"]
[WhiteElo "1530"]
[BlackElo "2233"]
[PlyCount "66"]
[EventDate "2003.07.14"]
[EventType "swiss"]
[EventRounds "11"]
[EventCountry "DEN"]
[SourceDate "2004.01.01"]

1. Nf3 c5 2. e4 d6 3. Bc4 Nf6 4. d3 Nc6 5. Be3 g6 6. O-O Bg7 7. Nc3 O-O 8. Qd2
Ng4 9. h3 Nxe3 10. fxe3 Na5 11. Bb3 Rb8 12. Qf2 e6 13. Nd2 b5 14. Rab1 Bd7 15.
a3 Nxb3 16. Nxb3 a5 17. d4 a4 18. Nd2 Qb6 19. Ne2 b4 20. c3 Qa6 21. c4 Qa5 22.
Ng3 Qb6 23. d5 Qd8 24. Nf3 Qe7 25. Nh2 exd5 26. exd5 bxa3 27. bxa3 Rb3 28. Rxb3
axb3 29. Rb1 Rb8 30. Nhf1 b2 31. Kh1 h5 32. Qe1 h4 33. Ne2 Bf5 0-1

[Event "25. Copenhagen Open  (Politiken Cup)"]
[Site "Copenhagen"]
[Date "2003.07.15"]
[Round "2"]
[White "Lie, Terje"]
[Black "Tuomisto, Keijo"]
[Result "0-1"]
[WhiteElo "1000"]
[BlackElo "1780"]
[PlyCount "120"]
[EventDate "2003.07.14"]
[EventType "swiss"]
[EventRounds "11"]
[EventCountry "DEN"]
[SourceDate "2004.01.01"]

1. d4 Nf6 2. c4 e6 3. Nc3 Bb4 4. e3 O-O 5. Bd3 b6 6. Qc2 Bb7 7. f3 d5 8. Nge2
Nbd7 9. a3 Be7 10. O-O Rc8 11. Ng3 dxc4 12. Bxc4 c5 13. dxc5 Bxc5 14. Kh1 a6
15. Bd3 Qc7 16. Qf2 Ne5 17. Bc2 b5 18. Nge2 Rfd8 19. Qh4 Ng6 20. Bxg6 hxg6 21.
e4 Nh7 22. Qe1 Bd6 23. h3 g5 24. Be3 Be5 25. Qf2 Qe7 26. Rad1 b4 27. Rxd8+ Rxd8
28. Bc5 Bd6 29. axb4 Rc8 30. Bxd6 Qxd6 31. Qd4 Qxd4 32. Nxd4 Rc4 33. Nc2 Kf8
34. Rd1 Ke7 35. Rd4 Rc8 36. Kg1 Nf6 37. Kf2 Nh5 38. g3 g6 39. Ne3 f5 40. exf5
gxf5 41. Ng2 e5 42. Rd1 Ke6 43. g4 Ng7 44. Ne3 fxg4 45. fxg4 Rf8+ 46. Kg3 Rf3+
47. Kh2 Rxe3 48. Rd2 Ke7 49. Na4 Ne6 50. Nc5 Bc8 51. Na4 Nf4 52. h4 gxh4 53. g5
Rh3+ 54. Kg1 Rg3+ 55. Kh2 Rxg5 56. Nc5 h3 57. Kh1 Rg2 58. Rxg2 hxg2+ 59. Kg1
Bh3 60. Nxa6 Ne2+ 0-1

[Event "25. Copenhagen Open  (Politiken Cup)"]
[Site "Copenhagen"]
[Date "2003.07.15"]
[Round "2"]
[White "Lilja, Richard"]
[Black "Harstad, Christian"]
[Result "1-0"]
[WhiteElo "2137"]
[BlackElo "1714"]
[PlyCount "159"]
[EventDate "2003.07.14"]
[EventType "swiss"]
[EventRounds "11"]
[EventCountry "DEN"]
[SourceDate "2004.01.01"]

1. e4 e5 2. Nf3 Nc6 3. Nc3 Nf6 4. d4 exd4 5. Nxd4 Bb4 6. Nxc6 bxc6 7. Bd3 d5 8.
exd5 cxd5 9. O-O O-O 10. Bg5 c6 11. Qf3 Be6 12. Bxf6 Qxf6 13. Qxf6 gxf6 14. Ne2
Bd6 15. Rfe1 Rab8 16. Nd4 Bd7 17. Bf5 c5 18. Bxd7 cxd4 19. Rab1 Rb7 20. Bc6 Rc7
21. Ba4 Rd8 22. Rbd1 Bc5 23. Rd3 Kg7 24. Rg3+ Kf8 25. Kf1 Re7 26. Rxe7 Bxe7 27.
Rh3 Kg7 28. Rb3 Bc5 29. Rb5 Bb6 30. Bb3 d3 31. cxd3 Rc8 32. Rxd5 Rc1+ 33. Ke2
Rb1 34. d4 Rxb2+ 35. Ke3 Rb1 36. Rd7 Re1+ 37. Kd2 Re4 38. Kd3 Re1 39. Rxf7+ Kg6
40. Rd7 Rg1 41. g3 Rg2 42. Ke3 Rxh2 43. Bc2+ f5 44. g4 h5 45. Bxf5+ Kf6 46.
Rd6+ Ke7 47. Re6+ Kf7 48. gxh5 Rxh5 49. Bg4 Ra5 50. Rc6 Ra4 51. Bd1 Rb4 52. Rd6
Ke7 53. Rd5 a5 54. f4 Rb2 55. Bb3 a4 56. Bxa4 Rxa2 57. Bb3 Ra5 58. Re5+ Rxe5+
59. fxe5 Ba7 60. Ke4 Bb6 61. Bd1 Ba5 62. Kd5 Bc3 63. Kc4 Bb2 64. Bg4 Ba1 65.
Kd3 Bb2 66. Bh3 Ba1 67. Kc4 Bb2 68. Kc5 Ba1 69. Kd5 Bc3 70. Ke4 Ba5 71. Kd5 Bc3
72. Bg4 Bb2 73. Ke4 Bc3 74. d5 Bb4 75. Kd4 Ba3 76. Kc4 Bb2 77. d6+ Kd8 78. e6
Bf6 79. Bh5 Bh4 80. Kd5 1-0

[Event "25. Copenhagen Open  (Politiken Cup)"]
[Site "Copenhagen"]
[Date "2003.07.15"]
[Round "2"]
[White "Lisdorf, Bjorn"]
[Black "Larsen, Ulrik"]
[Result "1/2-1/2"]
[WhiteElo "1398"]
[BlackElo "1951"]
[PlyCount "33"]
[EventDate "2003.07.14"]
[EventType "swiss"]
[EventRounds "11"]
[EventCountry "DEN"]
[SourceDate "2004.01.01"]

1. e4 c5 2. Nf3 d6 3. d4 cxd4 4. c3 d3 5. Bxd3 Nc6 6. Be3 Nf6 7. O-O e6 8. b4
Ng4 9. Bf4 e5 10. Bg3 Be7 11. h3 Nf6 12. Nbd2 O-O 13. Bc4 b6 14. Qb3 h6 15.
Rad1 Bb7 16. Nh4 b5 17. Bxb5 1/2-1/2

[Event "25. Copenhagen Open  (Politiken Cup)"]
[Site "Copenhagen"]
[Date "2003.07.15"]
[Round "2"]
[White "Lund, Silas"]
[Black "Hagesaether, Arne"]
[Result "1-0"]
[WhiteElo "2283"]
[BlackElo "2088"]
[PlyCount "65"]
[EventDate "2003.07.14"]
[EventType "swiss"]
[EventRounds "11"]
[EventCountry "DEN"]
[SourceDate "2004.01.01"]

1. d4 Nf6 2. c4 g6 3. Nc3 Bg7 4. e4 O-O 5. Be2 d6 6. Bg5 Nbd7 7. Qd2 e5 8. d5
a5 9. h4 Nc5 10. f3 Qd7 11. g4 Ne8 12. Be3 b6 13. O-O-O Ba6 14. Nh3 Rb8 15. Kb1
c6 16. h5 cxd5 17. Nxd5 Ne6 18. hxg6 fxg6 19. Nxb6 Qf7 20. Qxa5 Qb7 21. Qd5 Qf7
22. Qa5 Qb7 23. Qd5 Qf7 24. Qc6 Qe7 25. Nd5 Qb7 26. Qxb7 Rxb7 27. Ng5 Nd4 28.
Bxd4 exd4 29. b4 Nf6 30. b5 Nxd5 31. exd5 Re8 32. Bd3 Bf6 33. Ne4 1-0

[Event "25. Copenhagen Open  (Politiken Cup)"]
[Site "Copenhagen"]
[Date "2003.07.15"]
[Round "2"]
[White "Lonborg, Morten"]
[Black "Johannessen, Leif Erlend"]
[Result "0-1"]
[WhiteElo "2185"]
[BlackElo "2525"]
[PlyCount "86"]
[EventDate "2003.07.14"]
[EventType "swiss"]
[EventRounds "11"]
[EventCountry "DEN"]
[SourceDate "2004.01.01"]

1. d4 e6 2. c4 d5 3. Nc3 c6 4. Nf3 dxc4 5. e3 b5 6. a4 Bb4 7. Bd2 a5 8. axb5
Bxc3 9. Bxc3 cxb5 10. b3 Bb7 11. bxc4 b4 12. Bd2 Nf6 13. Bd3 Nbd7 14. Qb1 O-O
15. e4 e5 16. d5 Qc7 17. Bg5 h6 18. Bh4 Nh5 19. O-O Nc5 20. Rd1 Rfe8 21. Bf1
Qd6 22. Nd2 g5 23. Bg3 Nxg3 24. hxg3 Bc8 25. Nb3 a4 26. Nc1 b3 27. Re1 Bd7 28.
Qb2 Reb8 29. Ra3 f6 30. Re3 Kg7 31. Re1 h5 32. Re3 Rh8 33. Ne2 Na6 34. Rc3 Nc5
35. Re3 h4 36. f4 hxg3 37. fxg5 fxg5 38. Nxg3 Raf8 39. Ra1 g4 40. Rae1 Kg8 41.
Nf5 Bxf5 42. exf5 e4 43. g3 Rxf5 0-1

[Event "25. Copenhagen Open  (Politiken Cup)"]
[Site "Copenhagen"]
[Date "2003.07.15"]
[Round "2"]
[White "Madsen, Gert Medom"]
[Black "Larsen, Allan"]
[Result "0-1"]
[WhiteElo "1734"]
[BlackElo "2160"]
[PlyCount "78"]
[EventDate "2003.07.14"]
[EventType "swiss"]
[EventRounds "11"]
[EventCountry "DEN"]
[SourceDate "2004.01.01"]

1. d4 d5 2. Nf3 Nf6 3. c4 dxc4 4. e3 e6 5. Bxc4 a6 6. O-O c5 7. Nc3 b5 8. Bb3
Bb7 9. a3 Nbd7 10. dxc5 Bxc5 11. Qe2 Qc7 12. e4 O-O 13. Bg5 Rac8 14. Rac1 Qb8
15. Ba2 Bd6 16. Bxf6 Nxf6 17. Bb1 Ng4 18. h3 Ne5 19. Nxe5 Bxe5 20. Na2 Bf4 21.
Rxc8 Rxc8 22. Rd1 g6 23. Bd3 Qe5 24. g3 Bh6 25. Nc3 Bf8 26. Nb1 Bc5 27. Kh2 h5
28. h4 Rd8 29. Bc2 Rxd1 30. Bxd1 Bxf2 31. Qxf2 Qxe4 32. Bf3 Qxf3 33. Qxf3 Bxf3
34. Nc3 Kg7 35. Kg1 f5 36. Kf2 Bc6 37. Ke3 e5 38. b4 Kf6 39. Ne2 g5 0-1

[Event "25. Copenhagen Open  (Politiken Cup)"]
[Site "Copenhagen"]
[Date "2003.07.15"]
[Round "2"]
[White "Malmdin, Nils Ake"]
[Black "Schandorff, Lars"]
[Result "0-1"]
[WhiteElo "2190"]
[BlackElo "2525"]
[PlyCount "79"]
[EventDate "2003.07.14"]
[EventType "swiss"]
[EventRounds "11"]
[EventCountry "DEN"]
[SourceDate "2004.01.01"]

1. e4 c5 2. Nf3 Nc6 3. d3 g6 4. g3 Bg7 5. Bg2 e5 6. O-O Nge7 7. Be3 d6 8. c3
O-O 9. Na3 b6 10. Qd2 d5 11. Rfd1 f6 12. Bh6 Be6 13. Bxg7 Kxg7 14. exd5 Bxd5
15. Qe2 Qd7 16. Nc2 Rad8 17. Ne3 Be6 18. Ne1 Rfe8 19. g4 Nd5 20. Nxd5 Bxd5 21.
Bxd5 Qxd5 22. Qe4 Qd7 23. h3 Ne7 24. Ng2 Nd5 25. Qf3 Nc7 26. a4 Ne6 27. h4 Qc7
28. b3 Qf7 29. Qe4 Rd6 30. Rd2 Red8 31. Rad1 Nc7 32. Qc4 Qe7 33. Qe4 Qe6 34.
Qc4 e4 35. Qxe6 Nxe6 36. d4 cxd4 37. cxd4 Rxd4 38. Rxd4 Rxd4 39. Rb1 f5 40.
gxf5 0-1

[Event "25. Copenhagen Open  (Politiken Cup)"]
[Site "Copenhagen"]
[Date "2003.07.15"]
[Round "2"]
[White "Marder, Simon"]
[Black "Andersen, Kaare Vissing"]
[Result "0-1"]
[WhiteElo "2067"]
[BlackElo "2245"]
[PlyCount "44"]
[EventDate "2003.07.14"]
[EventType "swiss"]
[EventRounds "11"]
[EventCountry "DEN"]
[SourceDate "2004.01.01"]

1. e4 e6 2. d4 d5 3. Nc3 Bb4 4. e5 c5 5. a3 Bxc3+ 6. bxc3 Ne7 7. a4 Qc7 8. Nf3
Nbc6 9. Bd3 cxd4 10. cxd4 Nxd4 11. Nxd4 Qc3+ 12. Qd2 Qxa1 13. O-O Bd7 14. Nb5
Bxb5 15. Bxb5+ Nc6 16. c3 a6 17. Bxc6+ bxc6 18. Qc2 Rb8 19. Bh6 Qb2 20. Qxb2
Rxb2 21. Bxg7 Rg8 22. Bf6 Kd7 0-1

[Event "25. Copenhagen Open  (Politiken Cup)"]
[Site "Copenhagen"]
[Date "2003.07.15"]
[Round "2"]
[White "McShane, Rod"]
[Black "Hansen, Alexei"]
[Result "1/2-1/2"]
[WhiteElo "1500"]
[BlackElo "1973"]
[PlyCount "166"]
[EventDate "2003.07.14"]
[EventType "swiss"]
[EventRounds "11"]
[EventCountry "DEN"]
[SourceDate "2004.01.01"]

1. e4 c5 2. Nf3 e6 3. d4 cxd4 4. Nxd4 a6 5. Nc3 b5 6. Be3 Bb7 7. f3 Bc5 8. Nxe6
dxe6 9. Qxd8+ Kxd8 10. Bxc5 Nd7 11. Rd1 Ke8 12. Be3 Rc8 13. Rd2 Ne7 14. Be2 Nc6
15. a3 Ke7 16. O-O Na5 17. Rfd1 Nb8 18. Na2 Nc4 19. Bxc4 Rxc4 20. c3 f6 21. Ba7
Rc7 22. Bf2 Bc8 23. Bg3 Rb7 24. Nc1 Nd7 25. Nb3 Nb6 26. Bd6+ Kf7 27. Na5 Rd7
28. Bf4 Rhd8 29. Rxd7+ Rxd7 30. Rxd7+ Bxd7 31. Be3 Na4 32. Bc1 e5 33. Kf2 Ke7
34. Ke3 Kd6 35. Kd2 Be6 36. Kc2 Nc5 37. Be3 g5 38. b4 Nd7 39. Nb7+ Ke7 40. g3
Bc4 41. f4 h6 42. fxg5 fxg5 43. h4 gxh4 44. gxh4 h5 45. Bg5+ Ke6 46. Kd2 Bf1
47. Nd8+ Kd6 48. Ke3 Bc4 49. Nb7+ Ke6 50. Na5 Bf1 51. Bh6 Nf6 52. Bg5 Nd7 53.
Nb3 Bc4 54. Nc5+ Nxc5 55. bxc5 Bf1 56. Bd8 Kd7 57. Bb6 Bc4 58. Ba7 Ke7 59. Bb8
Kf6 60. c6 a5 61. Bc7 a4 62. Bd8+ Kf7 63. c7 Be6 64. Bg5 Bc8 65. Kd3 Ba6 66.
Kc2 Ke6 67. Bd8 Kf7 68. c4 bxc4 69. Kc3 Ke6 70. Kb4 Kd7 71. Kxa4 Bb7 72. Kb4
Bxe4 73. Kxc4 Ba8 74. Kd3 e4+ 75. Ke3 Kc8 76. a4 Kd7 77. a5 Bb7 78. Kf4 Kc8 79.
Ke3 Kd7 80. Kd4 Kc8 81. Ke3 Kd7 82. Bg5 Kxc7 83. Kd4 Kc6 1/2-1/2

[Event "25. Copenhagen Open  (Politiken Cup)"]
[Site "Copenhagen"]
[Date "2003.07.15"]
[Round "2"]
[White "Mortensen, Erling"]
[Black "Nilsson, Nils Specht"]
[Result "1-0"]
[WhiteElo "2445"]
[BlackElo "2149"]
[PlyCount "81"]
[EventDate "2003.07.14"]
[EventType "swiss"]
[EventRounds "11"]
[EventCountry "DEN"]
[SourceDate "2004.01.01"]

1. e4 c6 2. d4 d5 3. e5 Bf5 4. Be3 e6 5. Nd2 Qb6 6. Nb3 a5 7. a4 Nd7 8. Nf3 Bg4
9. Bd3 f5 10. h3 Bxf3 11. Qxf3 g6 12. g4 Ne7 13. h4 h5 14. gxf5 gxf5 15. Rg1 c5
16. Bb5 c4 17. Nc5 O-O-O 18. Nxd7 Rxd7 19. O-O-O Rc7 20. c3 Nc6 21. Rg6 Nd8 22.
Rdg1 Rhh7 23. Bg5 Be7 24. Rg8 Bxg5+ 25. R1xg5 Rcf7 26. R5g6 Kb8 27. Qf4 Ka7 28.
Qg5 Nc6 29. Rxe6 Qc7 30. Bxc6 bxc6 31. f4 Rhg7 32. Rg6 Rxg8 33. Rxg8 c5 34. Qd8
Qxd8 35. Rxd8 cxd4 36. cxd4 Rg7 37. Rxd5 Kb6 38. e6 Re7 39. Re5 Kc6 40. Kc2 Kd6
41. Kc3 1-0

[Event "25. Copenhagen Open  (Politiken Cup)"]
[Site "Copenhagen"]
[Date "2003.07.15"]
[Round "2"]
[White "Naes, Flovin Tor"]
[Black "Malmberg, Mio"]
[Result "1-0"]
[WhiteElo "2330"]
[BlackElo "2095"]
[PlyCount "57"]
[EventDate "2003.07.14"]
[EventType "swiss"]
[EventRounds "11"]
[EventCountry "DEN"]
[SourceDate "2004.01.01"]

1. e4 e6 2. d3 d5 3. Nd2 c5 4. g3 Nc6 5. Bg2 Nf6 6. Ngf3 Be7 7. O-O Qc7 8. Re1
b6 9. Qe2 Bb7 10. Nf1 h6 11. Bf4 Qd8 12. h4 d4 13. N1h2 Nd7 14. e5 Qc7 15. c3
dxc3 16. bxc3 Na5 17. Ng4 Bc6 18. Red1 Qb7 19. d4 Nb8 20. Ne3 g5 21. hxg5 hxg5
22. Bxg5 Na6 23. Rab1 Rh5 24. Bxe7 Kxe7 25. d5 exd5 26. Nh4 Rxh4 27. gxh4 d4
28. Nf5+ Ke6 29. Nd6 1-0

[Event "25. Copenhagen Open  (Politiken Cup)"]
[Site "Copenhagen"]
[Date "2003.07.15"]
[Round "2"]
[White "Nielsen, Erik"]
[Black "Moller, Frederik Oest"]
[Result "1-0"]
[WhiteElo "1389"]
[BlackElo "1928"]
[PlyCount "117"]
[EventDate "2003.07.14"]
[EventType "swiss"]
[EventRounds "11"]
[EventCountry "DEN"]
[SourceDate "2004.01.01"]

1. f4 c5 2. e4 d6 3. Nf3 Nf6 4. Nc3 Nc6 5. Bc4 g6 6. d3 Bg7 7. O-O O-O 8. h3
Bd7 9. a3 a6 10. Rb1 b5 11. Ba2 Rc8 12. Qe1 Qc7 13. e5 dxe5 14. fxe5 Ne8 15. e6
fxe6 16. Bxe6+ Kh8 17. Ng5 Rxf1+ 18. Kxf1 Bxe6 19. Qxe6 Nd6 20. Nd5 Rf8+ 21.
Kg1 Qc8 22. Be3 Qxe6 23. Nxe6 Rf5 24. Ndc7 Re5 25. Bf2 Re2 26. c3 c4 27. dxc4
Nxc4 28. Nxg7 Kxg7 29. b3 Nd2 30. Re1 Rxe1+ 31. Bxe1 Nxb3 32. Nxa6 Na1 33. Bf2
Nc2 34. Bc5 e5 35. Nc7 e4 36. Nxb5 Kf7 37. a4 Kf6 38. Nd4 N2xd4 39. Bxd4+ Ke6
40. Kf2 Kd5 41. Ke3 h5 42. Bb6 Ne5 43. a5 Nc4+ 44. Ke2 Kc6 45. Bd8 Kd7 46. Bg5
Kc6 47. Bd8 Kd7 48. Bh4 Kc6 49. Bf2 Kb5 50. Bb6 Kc6 51. Kf2 Kd6 52. Kg3 Kd5 53.
Kf4 h4 54. Bd8 Nd6 55. a6 Kc6 56. a7 Kb7 57. Bb6 Nc8 58. Bc5 Kc6 59. a8=Q+ 1-0

[Event "25. Copenhagen Open  (Politiken Cup)"]
[Site "Copenhagen"]
[Date "2003.07.15"]
[Round "2"]
[White "Nielsen, Jens Holm"]
[Black "Larsen, Karsten"]
[Result "0-1"]
[WhiteElo "2102"]
[BlackElo "2282"]
[PlyCount "64"]
[EventDate "2003.07.14"]
[EventType "swiss"]
[EventRounds "11"]
[EventCountry "DEN"]
[SourceDate "2004.01.01"]

1. Nc3 c6 2. e4 d5 3. d4 g6 4. exd5 cxd5 5. Bf4 a6 6. Be5 f6 7. Bf4 Nc6 8. Nf3
Nh6 9. Qd2 Nf7 10. O-O-O e6 11. h4 Bb4 12. Kb1 Bd7 13. Be3 Rc8 14. a3 Be7 15.
g4 b5 16. Na2 Qb6 17. b4 a5 18. c3 Nd6 19. Bd3 axb4 20. axb4 Nc4 21. Bxc4 bxc4
22. Ng1 {Diagram #} Nxb4 23. Qb2 Ba4 24. Rd2 Bb3 25. Nxb4 Bxb4 26. cxb4 Qxb4
27. Qa1 c3 28. Re2 O-O 29. Kc1 Ra8 30. Qb1 Qa3+ 31. Rb2 cxb2+ 32. Kd2 Ba2 0-1

[Event "25. Copenhagen Open  (Politiken Cup)"]
[Site "Copenhagen"]
[Date "2003.07.15"]
[Round "2"]
[White "Nielsen, Poul Bang"]
[Black "Andreasen, Jakup a Rogvi"]
[Result "0-1"]
[WhiteElo "1100"]
[BlackElo "1784"]
[PlyCount "101"]
[EventDate "2003.07.14"]
[EventType "swiss"]
[EventRounds "11"]
[EventCountry "DEN"]
[SourceDate "2004.01.01"]

1. e4 e5 2. Nf3 Nc6 3. Bc4 Be7 4. Nc3 Nf6 5. d3 d6 6. h3 O-O 7. O-O Be6 8. Bxe6
fxe6 9. Ng5 Qd7 10. f4 exf4 11. Bxf4 h6 12. Nf3 Nxe4 13. Qc1 Nxc3 14. bxc3 Rf7
15. d4 Raf8 16. Bh2 e5 17. Qe3 exd4 18. cxd4 Bf6 19. c3 Re8 20. Qd3 Rfe7 21.
Qg6 Qe6 22. Kh1 Qe4 23. Qg3 Qd3 24. Rac1 Re2 25. Qg4 Qe4 26. Qd7 Qe7 27. Qg4
Nb8 28. Ne5 Rb2 29. Ng6 Qe2 30. Rf3 h5 31. Qg3 Nd7 32. Nf4 Qd2 33. Rcf1 Rf8 34.
Nxh5 Qh6 35. Nxf6+ Nxf6 36. Rf4 Rb5 37. Qe1 Re8 38. Qf2 Ra5 39. c4 Qg6 40. Rf3
Rg5 41. Bf4 Rf5 42. Rg3 Qf7 43. Rf3 Nh5 44. Qh4 Nxf4 45. Rxf4 Rxf4 46. Rxf4
Qxc4 47. Qf2 Qe6 48. Qc2 c6 49. Rg4 d5 50. Kh2 Qd6+ 51. Kh1 0-1